000 00655nam a2200277Ia 4500
005 20260324132630.0
008 008 260324s9999 xx 000 0 eng d
020 _a9780203300336
037 _aEBOOK
040 _aCRL
040 _beng
040 _cCRL
041 _2eng
041 _aeng
084 _qCRL
100 _aLuigi Bernardi; Paola Profeta
_91190028
245 0 _aTax Systems and Tax Reforms in Europe
260 _bTaylor and Francis
260 _c2004
365 _a
365 _b195
856 _uhttp://www.taylorfrancis.com/books/9780203300336
942 _cEBOOK
999 _c1788295
_d1788295